De quel manga ces personnages proviennent-ils ? #2 - Statistiques

Statistiques générales
  • Ce quiz a été pris 78 fois
  • Le résultat moyen est 11 sur 16
Statistiques - réponses
Par images Réponse % Correct
Detective Conan
96%
Hunter X Hunter
96%
My Hero Academia
91%
Jujutsu Kaisen
90%
Death Note
88%
Seven Deadly Sins
87%
L'Attaque des Titans
84%
Spy X Family
84%
Bleach
82%
Mashle
76%
Black Clover
63%
The Promised Neverland
63%
Les Carnets de l'Apothicaire
54%
Horimiya
48%
Banana Fish
28%
Ouran High School Host Club
18%
Aucun quiz correspondant
Distribution des résultats
% des personnes avec chaque résultat
Percentile par nombre de réponses
Votre historique - résultats
Vous n’avez pas pris ce quiz